Music Quiz

Random Music or Song Quiz
Score 0/100 Timer 10:00
16 Plays Today
Song Artist % Correct
PhysicalOlivia Newton-John
94.6%
Make A Move On MeOlivia Newton-John
94.6%
Ebony and IvoryPaul McCartney & Stevie Wonder
90.9%
I Love Rock 'N RollJoan Jett & The Blackhearts
90%
Crimson and CloverJoan Jett & The Blackhearts
90%
Eye of the TigerSurvivor
89%
Open ArmsJourney
87.9%
Don't Stop Believin'Journey
87.9%
Jack and DianeJohn Cougar Mellencamp
86.8%
Hurts So GoodJohn Cougar Mellencamp
86.8%
I Can't Go For That (No Can Do)Hall and Oates
83.9%
Private EyesHall and Oates
83.9%
Did It In A MinuteHall And Oates
83.9%
Every Little Thing She Does Is MagicThe Police
79.8%
RosannaToto
79.7%
CenterfoldJ. Geils Band
79.3%
Freeze-FrameJ. Geils Band
79.3%
Blue EyesElton John
78.7%
Empty Garden (Hey Hey Johnny)Elton John
78.7%
Tainted LoveSoft Cell
77.6%
We Got The BeatThe Go-Go's
77.2%
Our Lips Are SealedThe Go-Go's
77.2%
VacationThe Go-Go's
77.2%
AbracadabraSteve Miller Band
74.4%
Waiting For A Girl Like YouForeigner
74.1%
That GirlStevie Wonder
71.2%
Do I DoStevie Wonder
71.2%
Take It AwayPaul McCartney
68.5%
Don't You Want MeHuman League
67.9%
Leather and LaceStevie Nicks & Don Henley
67.2%
The Sweetest ThingJuice Newton
67%
Love's Been A Little Bit Hard On MeJuice Newton
67%
Hard To Say I'm SorryChicago
65.7%
Edge of SeventeenStevie Nicks
65.7%
Song Artist % Correct
Always On My MindWillie Nelson
64.3%
Who Can It Be Now?Men At Work
63.3%
I Ran (So Far Away)A Flock of Seagulls
62%
Young TurksRod Stewart
60.4%
Arthur's ThemeChristopher Cross
60.1%
Heat of the MomentAsia
59.9%
Shake It UpThe Cars
59.3%
867-5309 (Jenny)Tommy Tutone
57.2%
Working For The WeekendLoverboy
54.6%
Sweet DreamsAir Supply
52.7%
Even The Nights Are BetterAir Supply
52.7%
Here I AmAir Supply
52.7%
Chariots of FireVangelis
52.3%
(Oh) Pretty WomanVan Halen
51.1%
GloriaLaura Branigan
50.3%
Don't Talk To StrangersRick Springfield
49.1%
Get Down On ItKool & The Gang
48.4%
Take My HeartKool & The Gang
48.4%
Eye In The SkyThe Alan Parsons Project
47.5%
Waiting On A FriendThe Rolling Stones
46.9%
Love Will Turn You AroundKenny Rogers
44.9%
Through The YearsKenny Rogers
44.9%
Kids In AmericaKim Wilde
44.5%
Harden My HeartQuarterflash
43.9%
Do You Believe In LoveHuey Lewis & The News
43.6%
Hold MeFleetwood Mac
41.8%
Somebody's BabyJackson Browne
41.3%
Why Do Fools Fall In Love?Diana Ross
39.4%
Mirror MirrorDiana Ross
39.4%
Caught Up In You38 Special
35%
Let's GrooveEarth, Wind & Fire
34.8%
Keep The Fire Burnin'REO Speedwagon
34.8%
Leader of the BandDan Fogelberg
33.6%
Hot In The CityBilly Idol
32.7%
Song Artist % Correct
I Keep Forgettin' (Every Time You're Near)Michael McDonald
30.2%
Think I'm In LoveEddie Money
28.5%
Only The LonelyThe Motels
28.2%
You Can Do MagicAmerica
26.6%
Love Is In ControlDonna Summer
26.4%
You Should Hear How She Talks About YouMelissa Manchester
26.3%
Love In The First DegreeAlabama
25.9%
Oh NoCommodores
25.3%
The Other WomanRay Parker Jr.
24.8%
Take It Easy On MeLittle River Band
23.9%
Man On Your MindLittle River Band
23.9%
Wasted On The WayCrosby, Stills, & Nash
23.7%
Let It WhipThe Dazz Band
23.7%
One Hundred WaysQuincy Jones & James Ingram
23.3%
Key LargoBertie Higgins
22.6%
Comin' In And Out of Your LifeBarbara Streisand
22.5%
Yesterday's SongsNeil Diamond
22.4%
'65 Love AffairPaul Davis
21.9%
Cool NightPaul Davis
21.9%
Any Day NowRonnie Milsap
21.6%
You Could Have Been With MeSheena Easton
21.3%
Turn Your Love AroundGeorge Benson
20.3%
TroubleLindsey Buckingham
20%
I've Never Been To MeCharlene
18.5%
It's Gonna Take A MiracleDeniece Williams
17.1%
Should I Do ItPointer Sisters
15.4%
Pac-Man FeverBuckner & Garcia
14.2%
Making LoveRoberta Flack
13.5%
What's Forever ForMichael Murphey
10.1%
Hooked On ClassicsThe Royal Philharmonic Orchestra
9%
PersonallyKarla Bonoff
8.8%
Goin' DownGreg Guidry
6%

You're not logged in!

Compare scores with friends on all Sporcle quizzes.
OR
Log In

Sporcle TV

Today on Sporcle TV


Watch our educational content, quiz creation guides, and fun videos on Sporcle TV.

Show Comments

Extras

Top Quizzes Today


Score Distribution

Your Account Isn't Verified!

In order to create a playlist on Sporcle, you need to verify the email address you used during registration. Go to your Sporcle Settings to finish the process.

Report this User

Report this user for behavior that violates our Community Guidelines.

Details: